000
00325 a2200157 4500
001
176906
020
_a
040
_c
Magnum
100
_a
Marques, Amadeu
240
1
0
_a
Password: english/v.3
_l
por
245
1
0
_a
Password: english/v.3
362
0
_a
1899
440
1
_a
Ática
697
_a
MAGNITO: INGLES
942
_c
BK
999
_c
176906
_d
176906